Odpowiedź zaczyna się na R - Statystyki

Ogólne statystyki
  • Ten quiz został rozwiązany 142 razy
  • Średni wynik to 9 z 14
Statystyki odpowiedzi
Opis Odpowiedź % Poprawnych
Epoka odrodzenia sztuki i nauki, charakteryzująca się wzrostem zainteresowania kulturą antyczną. Renesans
96%
Potoczna ogólna nazwa na różnego rodzaju nowotwory złośliwe, które mogą występować w różnych częściach ciała. Rak
95%
Kwiatowy krzew z pięknymi i różnorodnymi kwiatami, znany ze swojej estetyki i symbolicznego miłosnego znaczenia. Róża
91%
Miasto w Brazylii, znane ze słynnej statuy Chrystusa Odkupiciela i pięknych plaż, a także karnawału. Rio de Janeiro
89%
Drapieżny ssak z rodziny kotowatych, charakteryzujący się krótkim ogonem, długimi szponami i charakterystycznymi uszami z "szczecinkami". Ryś
89%
Drapieżna ryba morska, charakteryzująca się płetwami i wydłużonym ciałem, często mylonym z groźnym drapieżnikiem. Rekin
83%
Stolica Maroka, z piękną starówką i licznymi zabytkami. Rabat
65%
Grupa chorób układu mięśniowo-szkieletowego, zwykle charakteryzujących się bólem stawów i mięśni. Reumatyzm
63%
Trzeci faraon z XIX dynastii, syn i następca Setiego I, jeden z najwybitniejszych i najdłużej żyjących władców starożytnego Egiptu okresu Nowego Państwa. Ramzes
61%
Amerykański polityk, mąż stanu, 40. prezydent Stanów Zjednoczonych oraz 33. gubernator Kalifornii, aktor filmowy. Ronald Reagan
50%
Roślina z rodziny astrowatych, znana ze swoich delikatnych białych kwiatów, wykorzystywana często w ziołolecznictwie. Rumianek
46%
Amerykański polityk, brat prezydenta Johna F. Kennedy'ego, pełnił funkcje Prokuratora Generalnego USA i senatora - imię. Robert
42%
Stan zapalny z zakażonym ogniskiem w organizmie, który może się wypełnić ropą. Ropień
39%
Głębokie zastanowienie się nad czymś lub analiza własnych myśli i uczuć. Refleksja
33%
Nie znaleziono quizów pasujących do podanych kryteriów
Rozkład punktacji
Procent ludzi z każdym wynikiem
Percentyl według liczby udzielonych odpowiedzi
Twoja historia wyników
Nie rozwiązałeś tego quizu